[Event "FIN-chT1A 1718"]
[Site "Finland"]
[Date "2017.12.03"]
[Round "4.8"]
[White "Kurkijarvi, Mikko"]
[Black "Patola, Eero"]
[Result "1-0"]
[WhiteElo "2013"]
[BlackElo "1860"]
[PlyCount "87"]
[EventDate "2017.09.16"]
[EventType "team-tourn"]
[EventRounds "7"]
[EventCountry "FIN"]
[SourceTitle "EXT 2020"]
[Source "ChessBase"]
[SourceDate "2019.10.17"]
[SourceVersion "1"]
[SourceVersionDate "2019.10.17"]
[SourceQuality "1"]
[WhiteTeam "Espoo MatSK II"]
[BlackTeam "Helsinki KSK"]
[WhiteTeamCountry "FIN"]
[BlackTeamCountry "FIN"]

1. e4 d5 2. exd5 Nf6 3. Nf3 Nxd5 4. d4 Bf5 5. Bc4 c6 6. 0-0 Nd7 7. Bb3 e6 8. Qe2 Be7 9. Rd1 0-0 10. c4 N5b6 11. Nc3 Bf6 12. Bf4 Re8 13. Ne4 Bxe4 14. Qxe4 Nf8 15. a4 Qc8 16. a5 Nbd7 17. Ba4 Ng6 18. Bd6 e5 19. d5 cxd5 20. cxd5 Qd8 21. Qf5 Ne7 22. Qxd7 Qxd7 23. Bxd7 Red8 24. Bxe7 Bxe7 25. Bb5 e4 26. Ne1 Bb4 27. Rd4 Bc5 28. Rxe4 Rxd5 29. Bc4 Rd4 30. Rxd4 Bxd4 31. Nd3 Rc8 32. Rc1 Kf8 33. b4 b6 34. a6 Bf6 35. Bb5 Rd8 36. Rc7 Rd5 37. Bc4 Rd4 38. Kf1 Bd8 39. Rxf7+ Ke8 40. Rf4 Rxf4 41. Nxf4 Be7 42. b5 Kd7 43. Ne6 g5 44. Nd4 1-0

[Event "FIN-chT1B 1617"]
[Site "Finland"]
[Date "2016.12.10"]
[Round "4.5"]
[White "Tuominen, Joona"]
[Black "Kurkijarvi, Mikko"]
[Result "1/2-1/2"]
[WhiteElo "1895"]
[BlackElo "1977"]
[PlyCount "97"]
[EventDate "2016.09.17"]
[EventType "team-tourn"]
[EventRounds "7"]
[EventCountry "FIN"]
[SourceTitle "EXT 2019"]
[Source "ChessBase"]
[SourceDate "2018.10.10"]
[SourceVersion "1"]
[SourceVersionDate "2018.10.10"]
[SourceQuality "1"]
[WhiteTeam "Lahti S"]
[BlackTeam "Espoo MatSK II"]
[WhiteTeamCountry "FIN"]
[BlackTeamCountry "FIN"]

1. Nf3 d5 2. c4 dxc4 3. e3 Nf6 4. Bxc4 e6 5. d4 c5 6. 0-0 Nc6 7. dxc5 Qxd1 8. Rxd1 Bxc5 9. Nc3 a6 10. b3 0-0 11. Bb2 b5 12. Bd3 Be7 13. Rac1 Nb4 14. Bb1 Bb7 15. e4 Rfd8 16. a3 Nc6 17. e5 Nd5 18. Nxd5 Rxd5 19. Rxd5 exd5 20. h3 Rc8 21. Bf5 Rd8 22. b4 g6 23. Bb1 Kf8 24. Ba2 Ke8 25. Rd1 a5 26. Rxd5 Rxd5 27. Bxd5 axb4 28. axb4 Bxb4 29. Ng5 Nd8 30. Bxb7 Nxb7 31. Nxh7 Be7 32. Kf1 Nc5 33. Ke2 b4 34. f4 b3 35. Kd2 Na4 36. Kc1 Kd7 37. g4 Nc5 38. f5 Nd3+ 39. Kb1 gxf5 40. gxf5 Bh4 41. Bc3 Ke7 42. Bd4 Ke8 43. Bb2 Kd7 44. e6+ Ke7 45. Ba3+ Ke8 46. exf7+ Kxf7 47. Nf8 Nf4 48. Nd7 Bf6 49. Nxf6 1/2-1/2

[Event "FIN-chT1B 1617"]
[Site "Finland"]
[Date "2016.09.17"]
[Round "1.7"]
[White "Kurkijarvi, Mikko"]
[Black "Tiihonen, Ilpo"]
[Result "1-0"]
[WhiteElo "1977"]
[BlackElo "1935"]
[PlyCount "37"]
[EventDate "2016.09.17"]
[EventType "team-tourn"]
[EventRounds "7"]
[EventCountry "FIN"]
[SourceTitle "EXT 2019"]
[Source "ChessBase"]
[SourceDate "2018.10.10"]
[SourceVersion "1"]
[SourceVersionDate "2018.10.10"]
[SourceQuality "1"]
[WhiteTeam "Espoo MatSK II"]
[BlackTeam "Helsinki KSK"]
[WhiteTeamCountry "FIN"]
[BlackTeamCountry "FIN"]

1. e4 c5 2. c4 e5 3. Nc3 Nc6 4. g3 g6 5. Bg2 Bg7 6. Nge2 Nge7 7. 0-0 0-0 8. d3 d6 9. a3 a6 10. Rb1 f5 11. b4 b6 12. exf5 Ra7 13. fxg6 hxg6 14. Bg5 Qe8 15. bxc5 bxc5 16. Rb6 Qd7 17. Nd5 Kh7 18. Nec3 Nf5 19. Rxc6 1-0

[Event "FIN-chT 1415"]
[Site "Finland"]
[Date "2014.09.28"]
[Round "2.8"]
[White "Papula, Niko"]
[Black "Kurkijarvi, Mikko"]
[Result "0-1"]
[WhiteElo "1972"]
[BlackElo "1985"]
[PlyCount "114"]
[EventDate "2014.09.27"]
[EventType "team-tourn"]
[EventRounds "11"]
[EventCountry "FIN"]
[SourceTitle "CBM 162 Extra"]
[Source "ChessBase"]
[SourceDate "2014.10.17"]
[SourceVersion "1"]
[SourceVersionDate "2014.10.17"]
[SourceQuality "1"]
[WhiteTeam "Porvoo Velhot"]
[BlackTeam "Espoo MatSK II"]
[WhiteTeamCountry "FIN"]
[BlackTeamCountry "FIN"]

1. c4 d5 2. cxd5 Qxd5 3. Nc3 Qa5 4. d4 Nf6 5. Nf3 g6 6. Bf4 Bg7 7. Qa4+ Qxa4 8. Nxa4 Nd5 9. Bg3 c6 10. Nc3 0-0 11. e4 Nxc3 12. bxc3 c5 13. Rc1 Bg4 14. Ne5 Bxe5 15. dxe5 Be6 16. Rc2 Nc6 17. f4 Rfd8 18. Be2 Na5 19. Bf2 b6 20. c4 Nc6 21. Rc3 Nd4 22. Bd3 Rd7 23. Kd2 Rad8 24. Ke3 f5 25. exf6 exf6 26. Bh4 Rf8 27. Rf1 f5 28. e5 Nc6 29. Be2 Rd4 30. Rd1 Re4+ 31. Kf3 Nd4+ 32. Rxd4 Rxd4 33. Be7 Rf7 34. Bd6 Rd2 35. a3 Kg7 36. Ke3 Rd4 37. Bf3 Rxc4 38. Rd3 a6 39. Bc6 b5 40. Be8 Ra7 41. Bb8 Ra8 42. Rd6 Rxb8 43. Rxe6 Rc3+ 44. Kf2 Rxa3 45. Bd7 Kf7 46. Rc6 Rb7 47. Bc8 Ra7 48. Rxc5 Ra4 49. Rc6 Rxf4+ 50. Kg3 Rg4+ 51. Kf3 a5 52. e6+ Ke7 53. Bd7 a4 54. Rc8 Rxd7 55. exd7 Kxd7 56. Rh8 h5 57. Rg8 a3 0-1

[Event "FIN-chT 1415"]
[Site "Finland"]
[Date "2014.09.27"]
[Round "1.8"]
[White "Kurkijarvi, Mikko"]
[Black "Laine, Panu"]
[Result "1/2-1/2"]
[WhiteElo "1985"]
[BlackElo "2117"]
[PlyCount "44"]
[EventDate "2014.09.27"]
[EventType "team-tourn"]
[EventRounds "11"]
[EventCountry "FIN"]
[SourceTitle "CBM 162 Extra"]
[Source "ChessBase"]
[SourceDate "2014.10.17"]
[SourceVersion "1"]
[SourceVersionDate "2014.10.17"]
[SourceQuality "1"]
[WhiteTeam "Espoo MatSK II"]
[BlackTeam "Espoo MatSK"]
[WhiteTeamCountry "FIN"]
[BlackTeamCountry "FIN"]

1. e4 e6 2. Nf3 d5 3. e5 c5 4. d4 Qb6 5. c3 Bd7 6. Bd3 Bb5 7. 0-0 Bxd3 8. Qxd3 cxd4 9. cxd4 Nc6 10. Nc3 Rc8 11. Be3 Nh6 12. Bxh6 gxh6 13. Rab1 Bg7 14. Ne2 0-0 15. Nf4 Ne7 16. Rfe1 Ng6 17. Nh5 Qd8 18. Rbc1 Qe7 19. Rc3 Rc7 20. Rec1 Rfc8 21. Rxc7 Rxc7 22. Rc3 Qd8 1/2-1/2

[Event "Espoo We MatSK op 6th"]
[Site "Espoo"]
[Date "2010.??.??"]
[Round "2"]
[White "Pesola, Jyrki"]
[Black "Kurkijarvi, Mikko"]
[Result "1/2-1/2"]
[WhiteElo "1964"]
[BlackElo "1989"]
[PlyCount "116"]
[EventDate "2010.??.??"]
[EventType "swiss"]
[EventRounds "5"]
[EventCountry "FIN"]
[SourceTitle "EXT 2022"]
[Source "ChessBase"]
[SourceDate "2021.10.06"]
[SourceVersion "1"]
[SourceVersionDate "2021.10.06"]
[SourceQuality "1"]

1. e4 d5 2. exd5 Qxd5 3. Nc3 Qd8 4. d4 Nf6 5. Bc4 g6 6. Nf3 Bg7 7. Ne5 0-0 8. 0-0 Nbd7 9. Bg5 c6 10. f4 Nb6 11. Bb3 Nfd5 12. Nxd5 Nxd5 13. Bxd5 cxd5 14. Nf3 Bg4 15. c3 Qd6 16. Qd2 b5 17. h3 Bf5 18. Nh4 Be4 19. f5 a5 20. Bf4 e5 21. Bxe5 Bxe5 22. dxe5 Qxe5 23. Rae1 Ra6 24. fxg6 hxg6 25. Nf3 Qd6 26. Qh6 Bxf3 27. Rxf3 Rd8 28. Rd1 Qc5+ 29. Kh1 Re6 30. Rf4 Qf8 31. Qxf8+ Kxf8 32. Rfd4 Re2 33. R1d2 Rxd2 34. Rxd2 Ke7 35. Kg1 Kd6 36. Kf2 Re8 37. Rd4 Kc5 38. Rf4 f5 39. g4 fxg4 40. Rxg4 Re6 41. h4 b4 42. Kf3 bxc3 43. bxc3 Kb5 44. Rd4 Kc5 45. Ra4 Kb5 46. Rd4 Re5 47. Kf4 Rf5+ 48. Kg4 Kc5 49. a4 Re5 50. Kf4 Rf5+ 51. Kg4 Rf1 52. Kg5 Rf3 53. Kxg6 Rxc3 54. Rg4 d4 55. h5 d3 56. Rg1 Kc4 57. h6 d2 58. h7 Rh3 1/2-1/2

[Event "Espoo We MatSK op 6th"]
[Site "Espoo"]
[Date "2010.??.??"]
[Round "4"]
[White "Sassi, Pekka"]
[Black "Kurkijarvi, Mikko"]
[Result "1-0"]
[WhiteElo "2080"]
[BlackElo "1989"]
[PlyCount "59"]
[EventDate "2010.??.??"]
[EventType "swiss"]
[EventRounds "5"]
[EventCountry "FIN"]
[SourceTitle "EXT 2022"]
[Source "ChessBase"]
[SourceDate "2021.10.06"]
[SourceVersion "1"]
[SourceVersionDate "2021.10.06"]
[SourceQuality "1"]

1. c4 Nf6 2. g3 g6 3. Bg2 Bg7 4. Nc3 0-0 5. d3 c6 6. e4 e5 7. Nge2 d6 8. 0-0 Ne8 9. d4 Nc7 10. Be3 Qe7 11. Qd2 f5 12. Rad1 Nd7 13. f4 fxe4 14. fxe5 Rxf1+ 15. Rxf1 dxe5 16. d5 cxd5 17. cxd5 Ne8 18. Nxe4 Nef6 19. N2c3 Qb4 20. a3 Nxe4 21. Nxe4 Qxd2 22. Bxd2 b6 23. Rc1 Nf6 24. d6 Rb8 25. Rc7 Bf5 26. Nxf6+ Bxf6 27. Bd5+ Kh8 28. Rf7 Bg7 29. Rxa7 Rd8 30. Bg5 1-0

[Event "FIN-chT 0910"]
[Site "Finland"]
[Date "2009.11.14"]
[Round "4.8"]
[White "Kurkijarvi, Mikko"]
[Black "Ristoja, Samu"]
[Result "1/2-1/2"]
[WhiteElo "1989"]
[BlackElo "2021"]
[PlyCount "113"]
[EventDate "2009.09.19"]
[EventType "team-tourn"]
[EventRounds "9"]
[EventCountry "FIN"]
[SourceTitle "EXT 2022"]
[Source "ChessBase"]
[SourceDate "2021.10.06"]
[SourceVersion "1"]
[SourceVersionDate "2021.10.06"]
[SourceQuality "1"]
[WhiteTeam "Espoo MatSK"]
[BlackTeam "Helsinki Garde"]
[WhiteTeamCountry "FIN"]
[BlackTeamCountry "FIN"]

1. e4 c5 2. c4 g6 3. g3 Bg7 4. Bg2 Nc6 5. Nc3 Qa5 6. Nge2 d6 7. d3 Nf6 8. 0-0 0-0 9. a3 Bd7 10. Rb1 a6 11. Bd2 Nd4 12. Nd5 Qd8 13. Ne3 Qc8 14. Bc3 e5 15. b4 Bh6 16. bxc5 Ba4 17. Qd2 Qxc5 18. Bb4 Qc7 19. Nxd4 exd4 20. Nd5 Bxd2 21. Nxc7 Bxb4 22. Nxa8 Bc5 23. Nc7 Bc2 24. Rxb7 Bxd3 25. Ra1 Bxc4 26. Nd5 Nxd5 27. exd5 Re8 28. Rb2 d3 29. Rd2 Re2 30. Rxe2 dxe2 31. Bf3 Bxa3 32. Bxe2 Bxe2 33. Rxa3 Bc4 34. f4 Kf8 35. Kf2 Bxd5 36. Rxa6 Ke7 37. Ke3 Be6 38. Kd4 Bd7 39. Ra5 Ke6 40. Ra4 Ke7 41. Ra8 Be6 42. Ra6 Bg4 43. Ra7+ Ke6 44. Ra3 Ke7 45. Kd5 Be6+ 46. Kc6 Bd7+ 47. Kc7 Be6 48. Rd3 d5 49. Kc6 Kf6 50. Kc5 Kf5 51. Kd4 Kg4 52. Ke5 Kh3 53. Rd2 h5 54. Kf6 h4 55. Rd3 hxg3 56. hxg3 Kg4 57. Re3 1/2-1/2

[Event "Espoo We MatSK"]
[Site "Espoo"]
[Date "2009.??.??"]
[Round "1"]
[White "Heikkila, Antti"]
[Black "Kurkijarvi, Mikko"]
[Result "0-1"]
[WhiteElo "1994"]
[BlackElo "1983"]
[PlyCount "104"]
[EventDate "2009.??.??"]
[EventType "swiss"]
[EventRounds "5"]
[EventCountry "FIN"]
[SourceTitle "EXT 2011"]
[Source "ChessBase"]
[SourceDate "2010.11.26"]
[SourceVersion "1"]
[SourceVersionDate "2010.11.26"]
[SourceQuality "1"]

1. c4 Nf6 2. d4 g6 3. Nc3 Bg7 4. e4 d6 5. Nf3 Bg4 6. Be2 0-0 7. Be3 e5 8. d5 Nfd7 9. Qc2 a5 10. 0-0 Na6 11. Rfb1 Nac5 12. Ne1 Bxe2 13. Qxe2 f5 14. f3 Qh4 15. Bf2 Qh5 16. Rd1 Bh6 17. Nd3 fxe4 18. Nxe4 Nxe4 19. Qxe4 Nf6 20. Qh4 Qxh4 21. Bxh4 Be3+ 22. Bf2 Bxf2+ 23. Nxf2 b6 24. Rac1 Nh5 25. Rc3 Ng7 26. Ne4 Nf5 27. Kf2 h6 28. Rcd3 Kf7 29. b3 Ke7 30. Rc3 Rf7 31. Rcd3 Rff8 32. a3 Nd4 33. Rxd4 exd4 34. Rxd4 Rf5 35. h4 Rb8 36. a4 Rbf8 37. Ng3 Rf4 38. Ne2 R4f5 39. Ng3 Rf4 40. Ne2 R4f6 41. Kg3 Kd7 42. Nc3 Rf5 43. Rg4 Rg8 44. Ne4 Rg7 45. h5 g5 46. Nf2 Re5 47. Ne4 Rf7 48. Kh3 c6 49. dxc6+ Kxc6 50. Nd2 Re1 51. Rd4 Rh1+ 52. Kg4 Rh4+ 0-1

[Event "FIN-chT qual 0708"]
[Site "Salo"]
[Date "2008.03.29"]
[Round "10.6"]
[White "Pihlajasalo, Hannu"]
[Black "Kurkijarvi, Mikko"]
[Result "1-0"]
[WhiteElo "2232"]
[BlackElo "1970"]
[PlyCount "111"]
[EventDate "2008.03.29"]
[EventType "team-match"]
[EventRounds "1"]
[EventCountry "FIN"]
[SourceTitle "EXT 2019"]
[Source "ChessBase"]
[SourceDate "2018.10.10"]
[SourceVersion "1"]
[SourceVersionDate "2018.10.10"]
[SourceQuality "1"]
[WhiteTeam "Salo SalSK"]
[BlackTeam "Espoo MatSK II"]
[WhiteTeamCountry "FIN"]
[BlackTeamCountry "FIN"]

1. d4 d5 2. Bf4 Nf6 3. e3 e6 4. Bd3 Bd6 5. Ne2 c5 6. c3 Nc6 7. Nd2 cxd4 8. exd4 Bxf4 9. Nxf4 Qd6 10. Nh5 Nxh5 11. Qxh5 e5 12. dxe5 Qxe5+ 13. Qxe5+ Nxe5 14. Be2 Be6 15. Nb3 0-0-0 16. 0-0-0 Rhe8 17. Nd4 Bg4 18. f3 Bd7 19. b3 Nc6 20. Rhe1 a6 21. Nxc6 Bxc6 22. Bd3 g6 23. Rxe8 Rxe8 24. Kd2 Kc7 25. Re1 Re6 26. Re3 Kd6 27. g3 h6 28. Rxe6+ Kxe6 29. Ke3 Ke5 30. f4+ Kd6 31. Kd4 Bd7 32. b4 b5 33. Bc2 Bg4 34. a4 Bd7 35. axb5 axb5 36. Bd3 h5 37. Be2 Bc6 38. g4 hxg4 39. Bxg4 Bd7 40. f5 Bc6 41. h4 Bb7 42. Be2 Bc6 43. Bd3 Be8 44. Bc2 gxf5 45. Bxf5 f6 46. Bg4 Bg6 47. Bf3 Bf7 48. h5 f5 49. h6 Bg8 50. Bxd5 Bh7 51. Bf3 Ke6 52. Be2 Kf6 53. Bxb5 Kg5 54. Bc6 f4 55. b5 Kxh6 56. b6 1-0

[Event "Helsinki We X"]
[Site "Helsinki"]
[Date "2008.??.??"]
[Round "4"]
[White "Kurkijarvi, Mikko"]
[Black "Niemi, Mikko"]
[Result "0-1"]
[WhiteElo "1970"]
[BlackElo "2188"]
[PlyCount "74"]
[EventDate "2008.??.??"]
[EventType "swiss"]
[EventRounds "5"]
[EventCountry "FIN"]
[SourceTitle "EXT 2022"]
[Source "ChessBase"]
[SourceDate "2021.10.06"]
[SourceVersion "1"]
[SourceVersionDate "2021.10.06"]
[SourceQuality "1"]

1. e4 d5 2. exd5 Qxd5 3. Nc3 Qd6 4. g3 Nf6 5. Bg2 a6 6. Nge2 Nc6 7. 0-0 Bg4 8. d3 e5 9. Bg5 Be7 10. Bxf6 gxf6 11. Qd2 0-0-0 12. a3 Qd7 13. Nd5 Bh3 14. Nec3 h5 15. Nxe7+ Nxe7 16. f3 Bxg2 17. Qxg2 h4 18. g4 h3 19. Qe2 Rdg8 20. Kh1 Ng6 21. Qe4 Nf4 22. Ne2 Ne6 23. Ng3 Ng7 24. Rae1 Re8 25. Rf2 Rh4 26. Qe3 Qc6 27. Ref1 Rxg4 28. Qh6 Kb8 29. Qxh3 Rg6 30. Qh4 f5 31. b3 f4 32. Ne4 Nf5 33. Qh7 Ne3 34. Rg1 Rxg1+ 35. Kxg1 f5 36. Ng5 Qc3 37. Qh3 Rg8 0-1

[Event "FIN-chT1A 0708"]
[Site "Finland"]
[Date "2007.09.16"]
[Round "2.4"]
[White "Kurkijarvi, Mikko"]
[Black "Kapanen, Konstantin"]
[Result "1-0"]
[WhiteElo "1982"]
[BlackElo "2066"]
[PlyCount "78"]
[EventDate "2007.09.15"]
[EventType "team-tourn"]
[EventRounds "7"]
[EventCountry "FIN"]
[SourceTitle "EXT 2022"]
[Source "ChessBase"]
[SourceDate "2021.10.06"]
[SourceVersion "1"]
[SourceVersionDate "2021.10.06"]
[SourceQuality "1"]
[WhiteTeam "Espoo MatSK II"]
[BlackTeam "Turku AS"]
[WhiteTeamCountry "FIN"]
[BlackTeamCountry "FIN"]

1. e4 e5 2. Nf3 f5 3. Nxe5 Qf6 4. d4 d6 5. Nc4 fxe4 6. Nc3 Qg6 7. f3 exf3 8. Qxf3 Qf6 9. Bf4 Nc6 10. 0-0-0 Nxd4 11. Rxd4 Qxd4 12. Nb5 Qc5 13. Be3 Qc6 14. Qxc6+ bxc6 15. Nxc7+ Kd8 16. Nxa8 Bb7 17. Bxa7 Bxa8 18. Bb8 d5 19. Ne5 Nh6 20. Bd3 Kc8 21. Ba7 Bd6 22. Ba6+ Bb7 23. Bxb7+ Kxb7 24. Bd4 c5 25. Bc3 Re8 26. Nf3 Re2 27. Rg1 Ng4 28. Kd1 Rf2 29. Bd2 Nxh2 30. Be1 Rf1 31. Rxf1 Nxf1 32. Ke2 Ng3+ 33. Bxg3 Bxg3 34. Ng5 Be5 35. b3 h6 36. Nf7 Bb2 37. Kd3 Kc7 38. c3 Bc1 39. a4 Bf4 1-0

[Event "Vantaa We EtVaS op"]
[Site "Vantaa"]
[Date "2007.04.28"]
[Round "3"]
[White "Salimaki, Janne"]
[Black "Kurkijarvi, Mikko"]
[Result "1/2-1/2"]
[WhiteElo "2177"]
[BlackElo "1972"]
[PlyCount "64"]
[EventDate "2007.04.28"]
[EventType "swiss"]
[EventRounds "5"]
[EventCountry "FIN"]
[SourceTitle "EXT 2008"]
[Source "ChessBase"]
[SourceDate "2007.11.25"]
[SourceVersion "1"]
[SourceVersionDate "2007.11.25"]
[SourceQuality "1"]

1. Nf3 Nf6 2. c4 e6 3. d4 d5 4. Nc3 dxc4 5. Bg5 h6 6. Bxf6 Qxf6 7. e3 a6 8. Bxc4 b5 9. Bd3 Bb7 10. 0-0 Nd7 11. Ne4 Qd8 12. Rc1 Rc8 13. a4 b4 14. Qe2 a5 15. Rfd1 Bd6 16. Nc5 Bxc5 17. dxc5 Bxf3 18. Qxf3 c6 19. Be4 Qc7 20. Rd6 0-0 21. Qd1 Nb8 22. Qd4 Qe7 23. Rd1 Qf6 24. Qxf6 gxf6 25. g4 Rfe8 26. f4 Kf8 27. Kf2 Ke7 28. Ke2 Rg8 29. Kf3 Rc7 30. h3 Rgc8 31. Rc1 Na6 32. Rdd1 Rd7 1/2-1/2

[Event "TammerSh We op"]
[Site "Tampere"]
[Date "2007.01.07"]
[Round "5"]
[White "Niemi, Mikko"]
[Black "Kurkijarvi, Mikko"]
[Result "1-0"]
[WhiteElo "2156"]
[BlackElo "1972"]
[PlyCount "117"]
[EventDate "2007.01.06"]
[EventType "swiss"]
[EventRounds "5"]
[EventCountry "FIN"]
[SourceTitle "EXT 2008"]
[Source "ChessBase"]
[SourceDate "2007.11.25"]
[SourceVersion "1"]
[SourceVersionDate "2007.11.25"]
[SourceQuality "1"]

1. c4 e6 2. g3 Nf6 3. Bg2 d5 4. Nf3 Be7 5. 0-0 c5 6. cxd5 exd5 7. d4 Nc6 8. dxc5 Bxc5 9. Qc2 Qe7 10. Bg5 Bb6 11. Nc3 Be6 12. Rad1 Rd8 13. Nh4 0-0 14. Nf5 Bxf5 15. Qxf5 Qe6 16. Qf4 d4 17. Bxf6 Qxf6 18. Qxf6 gxf6 19. Nd5 Kg7 20. Rd2 Ba5 21. Rc2 Rd6 22. a3 Re8 23. b4 Bd8 24. Rd1 a6 25. Kf1 Re5 26. Ne3 Rde6 27. Nc4 Rh5 28. h4 b5 29. Bf3 Rh6 30. Bd5 bxc4 31. Bxe6 fxe6 32. Rxc4 Ne5 33. Rcxd4 Be7 34. Rc1 Kf7 35. Rc7 Rg6 36. f4 Ng4 37. Rdd7 Ne3+ 38. Kf2 Nd5 39. Ra7 f5 40. Rxa6 Rg8 41. Raa7 Kf6 42. Ra6 Nc3 43. Kf3 Ne4 44. Kg2 Rxg3+ 45. Kf1 Rg4 46. e3 Nc3 47. Rc6 Ne4 48. Rcc7 Rg7 49. b5 Nc5 50. Rxe7 Rxe7 51. Rxc5 Ra7 52. Rc3 Rb7 53. a4 Ke7 54. Rd3 Ra7 55. Rd4 Ra8 56. Ke2 Rg8 57. Kd3 h5 58. b6 Ra8 59. Kc3 1-0

[Event "TammerSh We op"]
[Site "Tampere"]
[Date "2007.01.06"]
[Round "1"]
[White "Nisula, Timo"]
[Black "Kurkijarvi, Mikko"]
[Result "0-1"]
[WhiteElo "1961"]
[BlackElo "1972"]
[PlyCount "58"]
[EventDate "2007.01.06"]
[EventType "swiss"]
[EventRounds "5"]
[EventCountry "FIN"]
[SourceTitle "EXT 2008"]
[Source "ChessBase"]
[SourceDate "2007.11.25"]
[SourceVersion "1"]
[SourceVersionDate "2007.11.25"]
[SourceQuality "1"]

1. e4 e5 2. Nc3 Nc6 3. Nf3 Nf6 4. d4 exd4 5. Nxd4 d6 6. Bf4 Bd7 7. Qd2 g6 8. 0-0-0 Bg7 9. Bh6 0-0 10. Bxg7 Kxg7 11. f3 h5 12. Be2 Qe7 13. Rhe1 Rfe8 14. h3 Nxd4 15. Qxd4 Qe5 16. Qd2 Qg3 17. Bb5 Bxb5 18. Nxb5 Re7 19. Kb1 a6 20. Nc3 Rae8 21. Rg1 Rh8 22. Qd4 Qe5 23. Qd2 h4 24. Rge1 Rhe8 25. Qf2 Qg5 26. Rg1 Nh5 27. Nd5 Rd7 28. Qd4+ Qe5 29. Qf2 Ng3 0-1

[Event "Helsinki We HSK 5th"]
[Site "Helsinki"]
[Date "2007.??.??"]
[Round "4"]
[White "Kurkijarvi, Mikko"]
[Black "Kopsa, Petri"]
[Result "1/2-1/2"]
[WhiteElo "1962"]
[BlackElo "2083"]
[PlyCount "95"]
[EventDate "2007.??.??"]
[EventType "swiss"]
[EventRounds "5"]
[EventCountry "FIN"]
[SourceTitle "EXT 2022"]
[Source "ChessBase"]
[SourceDate "2021.10.06"]
[SourceVersion "1"]
[SourceVersionDate "2021.10.06"]
[SourceQuality "1"]

1. e4 c5 2. c4 Nc6 3. Nc3 g6 4. g3 Bg7 5. Bg2 d6 6. Nge2 e5 7. d3 Nge7 8. 0-0 0-0 9. f4 exf4 10. Bxf4 h6 11. Qd2 Kh7 12. h3 a6 13. a3 Be6 14. Rab1 Qd7 15. Kh2 Ne5 16. b4 b5 17. bxc5 dxc5 18. Nd5 bxc4 19. Bxe5 Bxe5 20. dxc4 Rad8 21. Qa5 Qa7 22. Qb6 Qxb6 23. Rxb6 Nxd5 24. cxd5 Bc8 25. Rc6 Bd6 26. Rf6 Be5 27. Rf3 Bd6 28. Rb3 Rfe8 29. Rbb6 Bf8 30. Nf4 Kg7 31. Nd3 c4 32. Nb4 a5 33. Nc2 Bd7 34. Rxc4 Rc8 35. Rxc8 Rxc8 36. Rb7 Ba4 37. Nd4 Bxa3 38. Nb5 Bb4 39. e5 Kf8 40. Na7 Re8 41. Nc6 Bc3 42. d6 Bxe5 43. Bd5 Bxc6 44. Rxf7+ Kg8 45. Re7+ Kf8 46. Rf7+ Kg8 47. Re7+ Kf8 48. Rf7+ 1/2-1/2

[Event "EU-ch U14"]
[Site "Herceg Novi"]
[Date "2006.09.18"]
[Round "8"]
[White "Kurkijarvi, Mikko"]
[Black "Papp, Abel"]
[Result "1/2-1/2"]
[WhiteElo "1962"]
[BlackElo "2165"]
[PlyCount "111"]
[EventDate "2006.09.10"]
[EventType "swiss"]
[EventRounds "9"]
[EventCountry "MNE"]
[SourceTitle "CBM 114 Extra"]
[Source "ChessBase"]
[SourceDate "2006.11.03"]
[SourceVersion "1"]
[SourceVersionDate "2006.11.03"]
[SourceQuality "1"]

1. e4 e5 2. Nf3 Nc6 3. Bb5 a6 4. Ba4 Nf6 5. 0-0 b5 6. Bb3 Be7 7. Qe2 d6 8. c3 0-0 9. Rd1 Na5 10. Bc2 c5 11. d4 Qc7 12. d5 Nd7 13. b3 Bf6 14. Nbd2 g6 15. Nf1 Bg7 16. Ng3 Nb7 17. a4 bxa4 18. Rxa4 a5 19. c4 Nb6 20. Ra2 Bd7 21. Bd2 a4 22. bxa4 Nxa4 23. Bxa4 Rxa4 24. Rxa4 Bxa4 25. Ra1 Bd7 26. Qd3 Rb8 27. Nf1 Qc8 28. Rb1 Nd8 29. Ba5 Bf6 30. Rxb8 Qxb8 31. Bxd8 Bxd8 32. N3d2 Ba4 33. Qa3 Qb4 34. Qh3 Kg7 35. Qd3 Ba5 36. f3 Qb2 37. Kf2 Bc2 38. Qe2 Bc3 39. Kg3 Qc1 40. Qe3 Bd4 41. Qe2 Qa3 42. h3 Qc3 43. Qe1 Bd3 44. Ne3 Qb2 45. Qf2 Qc1 46. Kh2 Bxe3 47. Qxe3 Bxc4 48. Nxc4 Qxc4 49. Qg5 Qa6 50. Qd8 c4 51. Qc7 Kf6 52. Qd8+ Kg7 53. Qc7 c3 54. Qxc3 Qa4 55. Qc6 Qb4 56. Qd7 1/2-1/2